Problematika zdrojů dat v oblasti migrace

Definícia migranta ako základ pre zber dát. Vývoj počtu imigrantov v Česku. Medzinárodná migrácia vo svete. Podieľ obyvateľov s cudzím štátnym občianstvom v členských krajinách Európskej únie a v ďalších vybraných európskych štátoch.

Salvato in:
Dettagli Bibliografici
Autore principale: Pavelková, Lenka
Altri autori: Valenta, Ondřej
Natura: Capitolo di libro
Lingua:ceco
Soggetti:
Tags: Aggiungi Tag
Nessun Tag, puoi essere il primo ad aggiungerne!!

MARC

LEADER 00000naa a2200000 4500
001 0278376
005 20210908130831.0
041 0 |a cze 
044 |a CZ 
245 1 0 |a Problematika zdrojů dat v oblasti migrace  |c Lenka Pavelková, Ondřej Valenta 
520 |a Definícia migranta ako základ pre zber dát. Vývoj počtu imigrantov v Česku. Medzinárodná migrácia vo svete. Podieľ obyvateľov s cudzím štátnym občianstvom v členských krajinách Európskej únie a v ďalších vybraných európskych štátoch. 
610 2 0 |a migrácia 
610 2 0 |a štatistika 
610 2 0 |a dáta 
610 2 0 |a Európska únia 
610 2 0 |a Česko 
100 1 |a Pavelková, Lenka 
700 1 |a Valenta, Ondřej